000
00197 a2200097 4500
020
_a
978-1-61605-855-5
041
_a
spa
100
_a
MCdonald Megan
245
_a
judy moody es detective
942
_c
BK
999
_c
8307
_d
8307